<?xml version="1.0" encoding="UTF-8"?>
<record
    xmlns:xsi="http://www.w3.org/2001/XMLSchema-instance"
    xsi:schemaLocation="http://www.loc.gov/MARC21/slim http://www.loc.gov/standards/marcxml/schema/MARC21slim.xsd"
    xmlns="http://www.loc.gov/MARC21/slim">

  <leader>00894nam a2200217Ia 4500</leader>
  <datafield tag="952" ind1=" " ind2=" ">
    <subfield code="0">0</subfield>
    <subfield code="1">0</subfield>
    <subfield code="2">lcc</subfield>
    <subfield code="4">0</subfield>
    <subfield code="7">0</subfield>
    <subfield code="a">21</subfield>
    <subfield code="b">21</subfield>
    <subfield code="d">2018-04-16</subfield>
    <subfield code="l">0</subfield>
    <subfield code="o">QC173.55  E5515</subfield>
    <subfield code="p">21 003784</subfield>
    <subfield code="r">2018-04-16</subfield>
    <subfield code="t">1</subfield>
    <subfield code="w">2018-04-16</subfield>
    <subfield code="y">LB</subfield>
  </datafield>
  <datafield tag="999" ind1=" " ind2=" ">
    <subfield code="c">102917</subfield>
    <subfield code="d">102917</subfield>
  </datafield>
  <controlfield tag="008">120622s1985    mx            000 0 spa d</controlfield>
  <datafield tag="020" ind1=" " ind2=" ">
    <subfield code="a">9682201012</subfield>
  </datafield>
  <datafield tag="050" ind1=" " ind2=" ">
    <subfield code="a">QC173.55 </subfield>
    <subfield code="b">E5515</subfield>
  </datafield>
  <datafield tag="100" ind1="1" ind2="0">
    <subfield code="a">Einstein, Albert</subfield>
  </datafield>
  <datafield tag="245" ind1=" " ind2=" ">
    <subfield code="a">Sobre la teor&#xED;a especial y la teor&#xED;a general de la relatividad</subfield>
    <subfield code="b">: el significado de la relatividad </subfield>
    <subfield code="c">/ Albert Einstein ; traducci&#xF3;n de Miguel Paredes Larrucea, Carlos E. Pr&#xE9;lat y Albino Arenas G&#xF3;mez </subfield>
  </datafield>
  <datafield tag="260" ind1=" " ind2=" ">
    <subfield code="a">M&#xE9;xico </subfield>
    <subfield code="b">: Origen : Planeta</subfield>
    <subfield code="c">, 1985</subfield>
  </datafield>
  <datafield tag="300" ind1=" " ind2=" ">
    <subfield code="a">237 p.</subfield>
    <subfield code="c">20 cm.</subfield>
  </datafield>
  <datafield tag="490" ind1=" " ind2=" ">
    <subfield code="a">Obras completas del Pensamiento Contempor&#xE1;neo</subfield>
  </datafield>
  <datafield tag="519" ind1=" " ind2=" ">
    <subfield code="a">Material Complemenatio /</subfield>
    <subfield code="d">(21 003784)</subfield>
  </datafield>
  <datafield tag="650" ind1=" " ind2=" ">
    <subfield code="a">1. RELATIVIDAD (FISICA)</subfield>
  </datafield>
  <datafield tag="700" ind1=" " ind2=" ">
    <subfield code="a">Paredes Larrucea, Miguel</subfield>
    <subfield code="e">, traductor</subfield>
  </datafield>
  <datafield tag="700" ind1=" " ind2=" ">
    <subfield code="a">Pr&#xE9;lat, Carlos E.</subfield>
    <subfield code="e">, traductor</subfield>
  </datafield>
  <datafield tag="700" ind1=" " ind2=" ">
    <subfield code="a">Arenas Gomez, Albino</subfield>
    <subfield code="e">, traductor</subfield>
  </datafield>
  <datafield tag="740" ind1=" " ind2=" ">
    <subfield code="a">El significado de la relatividad&#xCC;</subfield>
  </datafield>
  <datafield tag="942" ind1=" " ind2=" ">
    <subfield code="2">lcc</subfield>
    <subfield code="c">HMAN</subfield>
  </datafield>
</record>
